|
|
|
|
| LEADER |
00945nam a2200217 a 4500 |
| 001 |
c000310446 |
| 003 |
CARM |
| 005 |
00000000000000.0 |
| 008 |
r 1941miu 00000 eng d |
| 019 |
1 |
|
|a 3836609
|5 LACONCORD2021
|
| 035 |
|
|
|a (OCoLC)217259765
|5 LACONCORD2021
|
| 082 |
0 |
4 |
|a 321.8
|2 19
|
| 245 |
0 |
0 |
|a Democracy is different :
|b democracy over against communism, fascism, and nazism ; a series of lectures at Oberlin College /
|c by Carl Frederick Wittke ... [et al.]
|
| 260 |
|
|
|a Ann Arbor, Mich. :
|b University Microfilms,
|c [19--]
|
| 300 |
|
|
|a vii, 230 p. ;
|c 19 cm.
|
| 500 |
|
|
|a Photocopy. Originally published: New York : Harper, 1941.
|
| 650 |
|
0 |
|a Democracy.
|
| 700 |
1 |
0 |
|a Wittke, Carl,
|d 1892-1971.
|
| 852 |
8 |
|
|b CARM
|h A3:AD38B0
|i B11466
|p 0475227
|f BK
|
| 999 |
f |
f |
|i 0e5652ec-d932-5a62-b90a-1c89809253c5
|s 266d7529-5242-5851-afd8-88fbf6e668ee
|
| 952 |
f |
f |
|p Can circulate
|a CAVAL
|b CAVAL
|c CAVAL
|d CARM 1 Store
|e B11466
|f A3:AD38B0
|h Other scheme
|i book
|m 0475227
|